[Event "UNDER 1600 WORLD CUP - Round 1 -  Group 'C'"]
[Site "SchemingMind.com"]
[Date "2008.03.17"]
[Round "-"]
[White "Apatchenlama"]
[Black "olivsan"]
[Result "1-0"]
[WhiteCountry "GER"]
[BlackCountry "BRA"]
[WhiteElo "1887"]
[WhiteRD "100"]
[BlackElo "1565"]
[BlackRD "79"]
[GameID "146516"]

1. d4 Nf6 2. c4 e6 3. Nc3 Bb4 4. e3 O-O 5. Bd3 d5 6. Nf3 c5 7. O-O Nc6 8. a3 Ba5 9. cxd5 exd5 10. dxc5 Bg4
11. b4 Bc7 12. Be2 h6 13. Bb2 Re8 14. Nb5 a6 15. Nxc7 Qxc7 16. Bxf6 gxf6 17. Qxd5 Rad8 18. Qb3 Be6 19. Qc3 Bd5 20. Qxf6 Re6
21. Qh4 Qe7 22. Rad1 Qxh4 23. Nxh4 Ne7 24. Rd2 Re5 25. Rfd1 f6 26. Bc4 Re4 27. Nf5 Rxc4 28. Nxe7+ Kf7 29. Rxd5 Rxd5 30. Nxd5 Ke6
31. f4 f5 32. Rd2 Rc1+ 33. Kf2 Ra1 34. Rd3 h5 35. Nc7+ Ke7 36. Kg3 Kf6 37. Ne8+ Ke7 38. Nd6 Kf6 39. Nxb7 Rc1 40. Rd6+ Ke7
41. Rxa6 Rd1 42. Rd6 Rxd6 43. Nxd6 Ke6 44. b5
1-0

[Event "UNDER 1600 WORLD CUP - Round 1 -  Group 'C'"]
[Site "SchemingMind.com"]
[Date "2008.03.18"]
[Round "-"]
[White "olivsan"]
[Black "Apatchenlama"]
[Result "0-1"]
[WhiteCountry "BRA"]
[BlackCountry "GER"]
[WhiteElo "1598"]
[WhiteRD "77"]
[BlackElo "1820"]
[BlackRD "110"]
[GameID "146517"]

1. e4 c5 2. Nf3 Nc6 3. d4 cxd4 4. Nxd4 Nf6 5. Nc3 d6 6. Bc4 Qb6 7. Nxc6 bxc6 8. Be3 Qxb2 9. Bd4 Qb7 10. Qf3 e5
11. Be3 Qb4 12. Bd2 Qxc4 13. Qd3 Qxd3 14. cxd3 Ba6 15. Ke2 Rb8 16. Rab1 Rc8 17. h3 d5 18. Kd1 Bc5 19. Ke2 O-O 20. Be3 Bxe3
21. fxe3 Nxe4 22. Nxe4 dxe4 23. Kd2 exd3 24. Rhf1 c5 25. Rbc1 c4 26. Rc3 Rb8 27. Rfc1 Rb2+ 28. Kd1 Re2 29. Ra3 Rb8 30. Rxa6 Rbb2
31. Rxc4 g6 32. Rc8+ Kg7 33. Rac6 Rxg2 34. Kc1 Rbe2 35. Kb1 d2 36. Rd8 Rg1+
0-1

[Event "UNDER 1600 WORLD CUP - Round 1 -  Group 'C'"]
[Site "SchemingMind.com"]
[Date "2008.03.19"]
[Round "-"]
[White "loco61"]
[Black "olivsan"]
[Result "1-0"]
[WhiteCountry "ENG"]
[BlackCountry "BRA"]
[WhiteElo "1633"]
[WhiteRD "70"]
[BlackElo "1565"]
[BlackRD "79"]
[GameID "146697"]

1. e4 e5 2. Nf3 Nc6 3. Bc4 Nf6 4. Ng5 d5 5. exd5 Na5 6. d3 h6 7. Ne4 Nxc4 8. Nxf6+ Qxf6 9. dxc4 Bc5 10. O-O Bf5
11. Be3 b6 12. Bxc5 bxc5 13. Nd2 O-O 14. c3 Rad8 15. Qf3 Rfe8 16. Rae1 e4 17. Qf4 Qe5 18. Qxe5 Rxe5 19. Re3 Rde8 20. h3 h5
21. Nb3 Rb8 22. Kh2 Rbe8 23. Nxc5 Rb8 24. b4 Rb6 25. f3 Rg6 26. fxe4 h4 27. Ref3 Bc8 28. Rxf7 Re8 29. e5 Kh7 30. e6 Bxe6
31. dxe6 Rexe6 32. Nxe6 Rxe6 33. Rxc7 Re3 34. Rff7 Rg3 35. Rxa7
1-0

[Event "UNDER 1600 WORLD CUP - Round 1 -  Group 'C'"]
[Site "SchemingMind.com"]
[Date "2008.03.19"]
[Round "-"]
[White "loco61"]
[Black "Apatchenlama"]
[Result "0-1"]
[WhiteCountry "ENG"]
[BlackCountry "GER"]
[WhiteElo "1583"]
[WhiteRD "63"]
[BlackElo "1734"]
[BlackRD "130"]
[GameID "146698"]

1. e4 c5 2. Nf3 d6 3. Bc4 Nf6 4. d3 Bg4 5. h3 Bh5 6. Bg5 Nbd7 7. g4 Bg6 8. Nh4 Qb6 9. b3 e6 10. Nxg6 hxg6
11. f4 d5 12. exd5 exd5 13. Qe2+ Qe6 14. Bb5 Qxe2+ 15. Kxe2 O-O-O 16. Nc3 Re8+ 17. Kd2 d4 18. Ne2 Nd5 19. Rae1 f6 20. c4 Ne3
21. Bxf6 gxf6 22. Ng3 Bd6 23. Ne2 Re7 24. Bxd7+ Kxd7 25. h4 Rhe8 26. g5 f5 27. h5 gxh5 28. Rxh5 Ng2 29. Rg1 Rxe2+ 30. Kc1 Re1+
31. Rxe1 Rxe1+ 32. Kb2 Nxf4
0-1

[Event "UNDER 1600 WORLD CUP - Round 1 -  Group 'C'"]
[Site "SchemingMind.com"]
[Date "2008.03.19"]
[Round "-"]
[White "olivsan"]
[Black "loco61"]
[Result "1/2-1/2"]
[WhiteCountry "BRA"]
[BlackCountry "ENG"]
[WhiteElo "1598"]
[WhiteRD "77"]
[BlackElo "1604"]
[BlackRD "65"]
[GameID "146699"]

1. e4 e5 2. Nf3 Nc6 3. Bc4 h6 4. d4 d6 5. dxe5 dxe5 6. Qxd8+ Nxd8 7. Nxe5 Be6 8. Bxe6 Nxe6 9. O-O Bd6 10. Nf3 O-O-O
11. Be3 f6 12. Nc3 Ne7 13. Rad1 g5 14. Nb5 a6 15. Nxd6+ Rxd6 16. Rxd6 cxd6 17. Rd1 Rd8 18. Bb6 Rd7 19. c3 Nc6 20. g3 Nc5
21. Bxc5=
1/2-1/2

[Event "UNDER 1600 WORLD CUP - Round 1 -  Group 'C'"]
[Site "SchemingMind.com"]
[Date "2008.03.19"]
[Round "-"]
[White "Apatchenlama"]
[Black "loco61"]
[Result "1-0"]
[WhiteCountry "GER"]
[BlackCountry "ENG"]
[WhiteElo "1734"]
[WhiteRD "130"]
[BlackElo "1583"]
[BlackRD "63"]
[GameID "146700"]

1. d4 d5 2. c4 dxc4 3. Nf3 b5 4. a4 c6 5. e3 Bf5 6. Nbd2 a6 7. e4 Be6 8. Be2 Nf6 9. Ng5 h6 10. Nxe6 fxe6
11. e5 Nd5 12. Bh5+ Kd7 13. Ne4 Nc7 14. O-O Kc8 15. Bf7 Nd7 16. Bd2 a5 17. b3 cxb3 18. Qxb3 b4 19. Rac1 Ra6 20. Rc2 Nd5
21. Bxe6 Nc7 22. Bf5 Kb8 23. Bxd7 Qxd7 24. Nc5 Qxd4 25. Nxa6+ Nxa6 26. Rxc6 Nc5 27. Qf7 Nxa4 28. Qe8+ Kb7 29. Qc8+ Ka7 30. Ra6#
1-0

[Event "UNDER 1600 WORLD CUP - Round 1 -  Group 'C'"]
[Site "SchemingMind.com"]
[Date "2008.03.30"]
[Round "-"]
[White "Zugzwang"]
[Black "loco61"]
[Result "1-0"]
[WhiteCountry "CAN"]
[BlackCountry "ENG"]
[WhiteElo "1544"]
[WhiteRD "61"]
[BlackElo "1583"]
[BlackRD "63"]
[GameID "147954"]

1. d4 d5 2. Nf3 Nc6 3. e3 Bf5 4. c4 e6 5. Qb3 b6 6. cxd5 exd5 7. Bb5 Bd7 8. Qa4 Qf6 9. Nc3 Nge7 10. O-O Qd6
11. Re1 f6 12. e4 dxe4 13. Rxe4 f5 14. Re2 g6 15. d5 Na5 16. Re6 Qc5 17. Bxd7+ Kd8 18. Be8 Kc8 19. Qd7+ Kb7 20. Bf4 Rc8
21. d6 Qc6 22. dxe7 Rxe8 23. Rxc6 Nxc6 24. Qxc7+
1-0

[Event "UNDER 1600 WORLD CUP - Round 1 -  Group 'C'"]
[Site "SchemingMind.com"]
[Date "2008.03.28"]
[Round "-"]
[White "Zugzwang"]
[Black "olivsan"]
[Result "1/2-1/2"]
[WhiteCountry "CAN"]
[BlackCountry "BRA"]
[WhiteElo "1503"]
[WhiteRD "59"]
[BlackElo "1598"]
[BlackRD "77"]
[GameID "147955"]

1. d4 Nf6 2. Nf3 d5 3. e3 e6 4. Bd3 c5 5. c3 Nc6 6. O-O Bd6 7. Nbd2 O-O 8. Qe2 e5 9. dxc5 Bxc5 10. e4 dxe4
11. Nxe4 Nxe4 12. Qxe4 f5 13. Qc4+ Be6 14. Qxc5 Qxd3 15. Ng5 Bc4 16. Be3 Qd5 17. Qxd5+ Bxd5 18. Rfe1 h6 19. Nf3 Bxf3 20. gxf3 Rae8
21. Kh1 f4 22. Bc5 Rf5 23. Rg1 b6=
1/2-1/2

[Event "UNDER 1600 WORLD CUP - Round 1 -  Group 'C'"]
[Site "SchemingMind.com"]
[Date "2008.03.28"]
[Round "-"]
[White "Zugzwang"]
[Black "Apatchenlama"]
[Result "0-1"]
[WhiteCountry "CAN"]
[BlackCountry "GER"]
[WhiteElo "1544"]
[WhiteRD "61"]
[BlackElo "1734"]
[BlackRD "130"]
[GameID "147956"]

1. d4 Nf6 2. Nf3 g6 3. e3 Bg7 4. Be2 d5 5. O-O O-O 6. b3 Bf5 7. Bb2 Nc6 8. c4 e6 9. Nc3 Re8 10. Re1 a6
11. Ng5 h6 12. Nf3 Qe7 13. c5 e5 14. h3 e4 15. Nh4 Bd7 16. Rf1 g5 17. f4 gxh4 18. Qe1 Nh7 19. f5 Qg5 20. Rf4 Bxf5
21. Bg4 Bxg4 22. Rxg4 Qf6 23. Rxh4 Ng5 24. Qg3 Qg6 25. Rg4 f5 26. Rf4 Ne7 27. h4 Nf3+ 28. Rxf3 exf3 29. Qxg6 Nxg6 30. Nxd5 Rac8
31. gxf3 Nxh4 32. Kf2 Kf7 33. Kg3 Ng6 34. Rh1 Ne7 35. Nf4 b6 36. Ba3 Rg8 37. Kh3 Bf6 38. cxb6 cxb6 39. Nh5 Rc3 40. Re1 Bg5
41. e4 Ng6
0-1

[Event "UNDER 1600 WORLD CUP - Round 1 -  Group 'C'"]
[Site "SchemingMind.com"]
[Date "2008.03.30"]
[Round "-"]
[White "loco61"]
[Black "Zugzwang"]
[Result "0-1"]
[WhiteCountry "ENG"]
[BlackCountry "CAN"]
[WhiteElo "1583"]
[WhiteRD "63"]
[BlackElo "1544"]
[BlackRD "61"]
[GameID "147957"]

1. e4 e5 2. Nf3 Nf6 3. Nc3 Bb4 4. a3 Bxc3 5. bxc3 O-O 6. d3 Re8 7. Bg5 h6 8. Bh4 Re6 9. Be2 d6 10. O-O Nc6
11. h3 b6 12. Qd2 Bb7 13. Rfe1 d5 14. exd5 Qxd5 15. g4 e4 16. Nd4 Nxd4 17. cxd4 e3
0-1

[Event "UNDER 1600 WORLD CUP - Round 1 -  Group 'C'"]
[Site "SchemingMind.com"]
[Date "2008.03.28"]
[Round "-"]
[White "olivsan"]
[Black "Zugzwang"]
[Result "1-0"]
[WhiteCountry "BRA"]
[BlackCountry "CAN"]
[WhiteElo "1598"]
[WhiteRD "77"]
[BlackElo "1503"]
[BlackRD "59"]
[GameID "147958"]

1. e4 e5 2. Nf3 Nf6 3. Nc3 Bb4 4. Bc4 O-O 5. O-O Nc6 6. a3 Bxc3 7. bxc3 Re8 8. Re1 d6 9. h3 h6 10. d3 Be6
11. Bxe6 Rxe6 12. Rb1 b6 13. Be3 a5 14. a4 d5 15. c4 d4 16. Bd2 Nh5 17. Ng5 Rg6 18. Nf3 Qd7 19. Kf1 f6 20. Nh4 Qf7
21. Qxh5 Ne7 22. Nxg6 Nxg6 23. c3 Rb8 24. c5 Rb7 25. cxb6 cxb6 26. cxd4 exd4 27. f4 Re7 28. Rxb6
1-0

[Event "UNDER 1600 WORLD CUP - Round 1 -  Group 'C'"]
[Site "SchemingMind.com"]
[Date "2008.03.28"]
[Round "-"]
[White "Apatchenlama"]
[Black "Zugzwang"]
[Result "1-0"]
[WhiteCountry "GER"]
[BlackCountry "CAN"]
[WhiteElo "1734"]
[WhiteRD "130"]
[BlackElo "1544"]
[BlackRD "61"]
[GameID "147959"]

1. d4 f5 2. e4 fxe4 3. Nc3 Nf6 4. Bg5 b6 5. f3 e3 6. Bd3 e6 7. Qe2 Bb4 8. Qxe3 O-O 9. Ne2 Bb7 10. h4 Nd5
11. Qf2 Qe8 12. a3 Bxc3+ 13. bxc3 e5 14. O-O d6 15. Rfe1 Nc6 16. Bc4 Ne7 17. Rad1 e4 18. Nf4 Kh8 19. Nxd5 Nxd5 20. Rxe4 Qg6
21. Bxd5 Bxd5 22. Re7 h6 23. h5 Qxg5 24. Re3 Qxh5 25. Rde1 Bc6 26. c4 Rf4 27. d5 Bd7 28. Qg3 Raf8 29. Re7 g5 30. Rxd7 Rxc4
31. Ree7
1-0

[Event "UNDER 1600 WORLD CUP - Round 1 -  Group 'C'"]
[Site "SchemingMind.com"]
[Date "2008.04.01"]
[Round "-"]
[White "Be0wulf"]
[Black "loco61"]
[Result "0-1"]
[WhiteCountry "PHI"]
[BlackCountry "ENG"]
[WhiteElo "1459"]
[WhiteRD "76"]
[BlackElo "1604"]
[BlackRD "65"]
[GameID "148527"]

1. e4 e5 2. Nf3 Nc6 3. d4 Nxd4 4. Nxe5 Bc5 5. c3 Ne6 6. Bc4 d6 7. Nd3 Bb6 8. O-O Nf6 9. Bg5 Nxg5 10. a4 O-O
11. a5 Bxf2+ 12. Nxf2 Ngxe4 13. Bd3 Nxf2 14. Rxf2 Bg4 15. Qb3 Rb8 16. Nd2 Be6 17. Qb4 c5
0-1

[Event "UNDER 1600 WORLD CUP - Round 1 -  Group 'C'"]
[Site "SchemingMind.com"]
[Date "2008.04.02"]
[Round "-"]
[White "Be0wulf"]
[Black "Zugzwang"]
[Result "0-1"]
[WhiteCountry "PHI"]
[BlackCountry "CAN"]
[WhiteElo "1459"]
[WhiteRD "76"]
[BlackElo "1503"]
[BlackRD "59"]
[GameID "148528"]

1. e4 e5 2. Nf3 Nf6 3. Nxe5 d6 4. Nf3 Nxe4 5. Qe2 Qe7 6. d3 Nf6 7. Bg5 Nbd7 8. Nc3 Qxe2+ 9. Bxe2 h6 10. Bh4 c6
11. h3 d5
0-1

[Event "UNDER 1600 WORLD CUP - Round 1 -  Group 'C'"]
[Site "SchemingMind.com"]
[Date "2008.04.01"]
[Round "-"]
[White "Be0wulf"]
[Black "Apatchenlama"]
[Result "0-1"]
[WhiteCountry "PHI"]
[BlackCountry "GER"]
[WhiteElo "1459"]
[WhiteRD "76"]
[BlackElo "1820"]
[BlackRD "110"]
[GameID "148530"]

1. e4 c5 2. Nf3 Nc6 3. d4 cxd4 4. Nxd4 Nf6 5. Nxc6 bxc6 6. Nc3 e6 7. Bd3 Qc7 8. O-O Bb7 9. Qf3 Bd6 10. h3 O-O
11. Re1 Be5
0-1

[Event "UNDER 1600 WORLD CUP - Round 1 -  Group 'C'"]
[Site "SchemingMind.com"]
[Date "2008.04.05"]
[Round "-"]
[White "loco61"]
[Black "Be0wulf"]
[Result "1-0"]
[WhiteCountry "ENG"]
[BlackCountry "PHI"]
[WhiteElo "1604"]
[WhiteRD "65"]
[BlackElo "1459"]
[BlackRD "76"]
[GameID "148531"]

1. e4 c5 2. Nf3 e6 3. c3 d5 4. exd5 Qxd5 5. Bb5+ Bd7 6. Bxd7+ Nxd7 7. O-O Ngf6 8. d3 Bd6 9. Be3 b6 10. c4 Qc6
11. Nc3 Rd8 12. h3 h6 13. Qd2 Bc7 14. Rfe1 Qd6 15. Nb5 Qc6 16. d4 cxd4 17. Qxd4 e5 18. Nxc7+
1-0

[Event "UNDER 1600 WORLD CUP - Round 1 -  Group 'C'"]
[Site "SchemingMind.com"]
[Date "2008.04.05"]
[Round "-"]
[White "Zugzwang"]
[Black "Be0wulf"]
[Result "1-0"]
[WhiteCountry "CAN"]
[BlackCountry "PHI"]
[WhiteElo "1503"]
[WhiteRD "59"]
[BlackElo "1459"]
[BlackRD "76"]
[GameID "148532"]

1. d4 d5 2. Nf3 Nf6 3. e3 g6 4. Be2 Bg7 5. O-O O-O 6. c4 c6 7. Nc3 Nbd7 8. b3 Re8 9. cxd5 cxd5 10. Bb2 a6
11. Rc1 b5 12. Ne5
1-0

[Event "UNDER 1600 WORLD CUP - Round 1 -  Group 'C'"]
[Site "SchemingMind.com"]
[Date "2008.04.05"]
[Round "-"]
[White "Apatchenlama"]
[Black "Be0wulf"]
[Result "1-0"]
[WhiteCountry "GER"]
[BlackCountry "PHI"]
[WhiteElo "1820"]
[WhiteRD "110"]
[BlackElo "1459"]
[BlackRD "76"]
[GameID "148534"]

1. d4 d5 2. c4 c6 3. Nf3 Nf6 4. Bg5 e6 5. e3 Bb4+ 6. Nc3 Nbd7 7. a3 Bxc3+ 8. bxc3 Qa5 9. Qb3 Ne4 10. Rc1 f6
11. Bf4 Nb6 12. cxd5
1-0

[Event "UNDER 1600 WORLD CUP - Round 1 -  Group 'C'"]
[Site "SchemingMind.com"]
[Date "2008.04.01"]
[Round "-"]
[White "Mitch The Man"]
[Black "loco61"]
[Result "0-1"]
[WhiteCountry "USA"]
[BlackCountry "ENG"]
[WhiteElo "1363"]
[WhiteRD "60"]
[BlackElo "1583"]
[BlackRD "63"]
[GameID "148641"]

1. e4 e5 2. Nf3 Nc6 3. c3 d6 4. h3 Nf6 5. d3 Be6 6. Bg5 h6 7. Bxf6 gxf6 8. Be2 Qd7 9. O-O O-O-O 10. Nbd2 h5
11. Nh4 Bh6 12. Ndf3 Rhg8 13. Kh2 Bf4+ 14. Kh1 Bxh3 15. Rg1 Bg4 16. Qf1 Rg7 17. g3 Bh3 18. Qe1 Bg5 19. Nf5 Bxf5 20. Nxg5 Rxg5
21. exf5 Qxf5 22. Qf1 Rh8 23. Rg2 h4 24. g4 Qf4 25. Rh2 f5 26. Rd1 fxg4 27. Qg2 h3 28. Qg3 Qxg3 29. fxg3 f5 30. Rg1 Rhg8
31. Bd1 f4 32. Bb3 R8g7 33. gxf4 exf4 34. Bd1 f3 35. Bxf3 gxf3 36. Rxg5 Rxg5 37. Rf2 Rf5 38. Kh2 Ne5 39. Kxh3 Nxd3 40. Kg4 Rf8
0-1

[Event "UNDER 1600 WORLD CUP - Round 1 -  Group 'C'"]
[Site "SchemingMind.com"]
[Date "2008.04.02"]
[Round "-"]
[White "Mitch The Man"]
[Black "Zugzwang"]
[Result "1-0"]
[WhiteCountry "USA"]
[BlackCountry "CAN"]
[WhiteElo "1363"]
[WhiteRD "60"]
[BlackElo "1544"]
[BlackRD "61"]
[GameID "148642"]

1. e4 e5 2. Nf3 Nf6 3. d3 Nc6 4. h3 d5 5. Qe2 Bd6 6. Nbd2 O-O 7. g3 Re8 8. Bg2 b6 9. O-O Ba6 10. c4 Nb4
11. Qd1 Nxd3 12. b3 Nxc1 13. Qxc1 Rc8 14. Re1 dxc4 15. bxc4 c6 16. a3 b5 17. Bf1 Bc5 18. cxb5 cxb5 19. Qd1 Bd4 20. Nxd4 exd4
21. f3 Qd7 22. Rb1 Qc7 23. Kg2 Nh5 24. f4 Nf6 25. Bd3 Bb7 26. Kf3 Qc3 27. Rb3 Qa5 28. Bxb5 Re7 29. Bd3 Rce8 30. Nc4 Qc7
31. Ne5 Rxe5 32. fxe5 Rxe5 33. Qb1 Nh5 34. Rxb7 Qc6 35. Rb8+ Re8 36. Rxe8+ Qxe8 37. Qb4 g6 38. Qxd4 Qb8 39. e5 a5 40. Rb1 Qf8
41. g4 Ng7 42. Be4 h5 43. Rb3 Ne6 44. Qa7 Kg7 45. Ke3 hxg4 46. hxg4 Ng5 47. Bd5 Kh6 48. Qxa5 Qe7 49. Kd4 f5 50. Rb7 Qf8
51. Qc7 f4 52. Rb8 Qg7 53. Qb6 f3 54. Rb7
1-0

[Event "UNDER 1600 WORLD CUP - Round 1 -  Group 'C'"]
[Site "SchemingMind.com"]
[Date "2008.04.01"]
[Round "-"]
[White "Mitch The Man"]
[Black "olivsan"]
[Result "0-1"]
[WhiteCountry "USA"]
[BlackCountry "BRA"]
[WhiteElo "1395"]
[WhiteRD "61"]
[BlackElo "1598"]
[BlackRD "77"]
[GameID "148643"]

1. e4 e5 2. Nf3 Nc6 3. c4 Bc5 4. a3 Nf6 5. b4 Be7 6. Bd3 O-O 7. O-O d6 8. Bb2 Be6 9. h3 b6 10. Nc3 a6
11. Ng5 h6 12. Nxe6 fxe6 13. Ne2 Nd4 14. Bxd4 exd4 15. Nxd4 Qd7 16. Re1 c5 17. bxc5 dxc5 18. Nf3 Qxd3 19. Ne5 Qd6 20. Ng6 e5
21. Nxf8 Kxf8 22. f3 Qd4+ 23. Kf1 Qxc4+ 24. d3 Qe6 25. Re2 Rd8 26. Qe1 Rxd3 27. Rd2 Rxd2 28. Qxd2 Qc4+ 29. Kg1 Nh5 30. Rc1 Qe6
31. a4 a5 32. Qb2 Nf4 33. Rd1 Qg6 34. Kh2 Bh4 35. Rd2 Qg3+ 36. Kh1 Qe1+ 37. Kh2 Bg3#
0-1

[Event "UNDER 1600 WORLD CUP - Round 1 -  Group 'C'"]
[Site "SchemingMind.com"]
[Date "2008.04.05"]
[Round "-"]
[White "Mitch The Man"]
[Black "Be0wulf"]
[Result "1-0"]
[WhiteCountry "USA"]
[BlackCountry "PHI"]
[WhiteElo "1395"]
[WhiteRD "61"]
[BlackElo "1459"]
[BlackRD "76"]
[GameID "148644"]

1. e4 c5 2. Nf3 e6 3. e5 d5 4. d4 Nc6 5. c3 cxd4 6. cxd4 Qb6 7. Nc3 Nge7 8. Be2 Nf5 9. O-O Nfxd4 10. Nxd4 Qxd4
11. Qxd4 Nxd4 12. Bb5+ Nc6 13. Bxc6+ bxc6 14. Ne2 Ba6 15. Re1 Bb4 16. Nc3 d4 17. Bd2 dxc3 18. bxc3
1-0

[Event "UNDER 1600 WORLD CUP - Round 1 -  Group 'C'"]
[Site "SchemingMind.com"]
[Date "2008.04.01"]
[Round "-"]
[White "Mitch The Man"]
[Black "Apatchenlama"]
[Result "0-1"]
[WhiteCountry "USA"]
[BlackCountry "GER"]
[WhiteElo "1363"]
[WhiteRD "60"]
[BlackElo "1734"]
[BlackRD "130"]
[GameID "148645"]

1. e4 c5 2. c4 Nc6 3. Nf3 d6 4. h3 g6 5. Bd3 Bg7 6. a3 Nf6 7. O-O O-O 8. Nc3 h6 9. Bc2 Be6 10. Nd5 Qd7
11. Nxf6+ Bxf6 12. Ba4 Bxh3 13. gxh3 Qxh3 14. Nh2 Be5 15. f4 Bxf4 16. Rf2 Bg3 17. Rg2 Ne5 18. Qf1 Bxh2+ 19. Kf2 Qf3+
0-1

[Event "UNDER 1600 WORLD CUP - Round 1 -  Group 'C'"]
[Site "SchemingMind.com"]
[Date "2008.04.02"]
[Round "-"]
[White "loco61"]
[Black "Mitch The Man"]
[Result "1-0"]
[WhiteCountry "ENG"]
[BlackCountry "USA"]
[WhiteElo "1583"]
[WhiteRD "63"]
[BlackElo "1363"]
[BlackRD "60"]
[GameID "148646"]

1. e4 b6 2. Nf3 Ba6 3. Bxa6 Nxa6 4. d4 d5 5. e5 h6 6. Bd2 e6 7. Qe2 Nb8 8. O-O c6 9. c4 a6 10. b4 Be7
11. c5 b5 12. a4 Nd7 13. Nc3 Qb8 14. axb5 axb5 15. Ra5 Rxa5 16. bxa5 Qa7 17. Nxb5 cxb5 18. Qxb5 Bd8 19. c6 Ne7 20. cxd7+ Kf8
21. Bb4 Kg8 22. Rc1 Kh7 23. Bxe7 Bxe7 24. Rc8 Rd8 25. Rxd8 Bxd8 26. a6 g6 27. Qb7
1-0

[Event "UNDER 1600 WORLD CUP - Round 1 -  Group 'C'"]
[Site "SchemingMind.com"]
[Date "2008.04.02"]
[Round "-"]
[White "Zugzwang"]
[Black "Mitch The Man"]
[Result "1-0"]
[WhiteCountry "CAN"]
[BlackCountry "USA"]
[WhiteElo "1544"]
[WhiteRD "61"]
[BlackElo "1363"]
[BlackRD "60"]
[GameID "148647"]

1. d4 b6 2. e4 Ba6 3. Bxa6 Nxa6 4. Nf3 f6 5. O-O Qb8 6. c4 Qb7 7. Nc3 c6 8. Re1 O-O-O 9. d5 cxd5 10. exd5 g6
11. a3 Nc5 12. b4 Na6 13. Rb1 d6 14. Qc2 Nh6 15. Bxh6 Bxh6 16. Na4 Rde8 17. c5 dxc5 18. bxc5 Qxd5 19. cxb6+ Kb7 20. Red1 Rc8
21. Qxc8+ Rxc8 22. Rxd5
1-0

[Event "UNDER 1600 WORLD CUP - Round 1 -  Group 'C'"]
[Site "SchemingMind.com"]
[Date "2008.04.02"]
[Round "-"]
[White "olivsan"]
[Black "Mitch The Man"]
[Result "1-0"]
[WhiteCountry "BRA"]
[BlackCountry "USA"]
[WhiteElo "1598"]
[WhiteRD "77"]
[BlackElo "1395"]
[BlackRD "61"]
[GameID "148648"]

1. e4 e5 2. Nf3 f6 3. Bc4 Ne7 4. O-O c6 5. Nc3 b5 6. Be2 a5 7. a3 a4 8. d3 Na6 9. Bd2 Qc7 10. d4 Bb7
11. dxe5 O-O-O 12. Bf4 h6 13. g3 Ng6 14. Be3 Nxe5 15. Nxe5 fxe5 16. Bd3 g6 17. Qf3 Be7 18. Qf7 Qd6 19. Rad1 Rdf8 20. Qa2 Qc7
21. b3 b4 22. Nxa4 bxa3 23. c3 Kb8 24. Rb1 g5 25. Bb6 Qc8 26. b4 Bd8 27. Qxa3 Be7 28. Nc5 Bxc5 29. bxc5 Rf3 30. Be2 Rff8
31. Rb2 Qe8 32. Bxa6
1-0

[Event "UNDER 1600 WORLD CUP - Round 1 -  Group 'C'"]
[Site "SchemingMind.com"]
[Date "2008.04.05"]
[Round "-"]
[White "Be0wulf"]
[Black "Mitch The Man"]
[Result "0-1"]
[WhiteCountry "PHI"]
[BlackCountry "USA"]
[WhiteElo "1459"]
[WhiteRD "76"]
[BlackElo "1395"]
[BlackRD "61"]
[GameID "148649"]

1. e4 b6 2. Nc3 Ba6 3. d3 e5 4. Nf3 f6 5. Nh4 g6 6. Be3 Bh6 7. Qd2 Bxe3 8. Qxe3 Qe7 9. Nd5 Qd8 10. Qh3 c6
11. Nb4 Bb7 12. Nxg6 hxg6 13. Qxh8 Kf8 14. a3 Qe7 15. O-O-O Qf7
0-1

[Event "UNDER 1600 WORLD CUP - Round 1 -  Group 'C'"]
[Site "SchemingMind.com"]
[Date "2008.04.02"]
[Round "-"]
[White "Apatchenlama"]
[Black "Mitch The Man"]
[Result "1-0"]
[WhiteCountry "GER"]
[BlackCountry "USA"]
[WhiteElo "1734"]
[WhiteRD "130"]
[BlackElo "1363"]
[BlackRD "60"]
[GameID "148650"]

1. d4 e6 2. c4 Bb4+ 3. Bd2 Bxd2+ 4. Qxd2 a5 5. Nc3 c6 6. Nf3 h6 7. e4 Ne7 8. Bd3 O-O 9. O-O b6 10. Rfe1 Ba6
11. Qf4 d6 12. Rad1 Ng6 13. Qg3 Qe7 14. b3 Nd7 15. d5 cxd5 16. exd5 Nge5 17. Nxe5 Nxe5 18. f4 Nxd3 19. Rxd3 e5 20. fxe5 dxe5
21. Rxe5 Qa3 22. Rde3 Qc1+ 23. Re1 Qd2 24. a4 Qd4+ 25. Kh1 Qc5 26. Ne4 Qb4 27. Rh5 Kh7 28. Qh4 Qxb3 29. Nf6+ Kh8 30. Rxh6+
1-0